000 00242nam a22000977a 4500
999 _c16190
_d16190
003 OSt
008 200617b ||||| |||| 00| 0 eng d
100 _aGraham Greene
_94609
245 _aIn Search of a Character: Two African Journals
942 _cBK